00442nam a2200157Ia 450000500170000000800460001703700120006304000210007504100130009608400210010910000210013024500490015126000510020030000120025165000210026320250508151914.0008 250505s9999 xx 000 0 eng d aTextual aFEDL bengcFEDL aeng2eng a155.4, LIPqFEDL aLippman Hyman S. 0aTreatment of the child in emotional conflict aNew York, USAbMcGraw Hill Book Company c1956 ax,298p. aChild Psychology